000 01553nam a2200385 a 4500
001 000012796
003 DO-SdBNP
005 20180312131521.0
007 000012796
008 091117s2005 dr a 000 0 spa d
020 _a 8482614061
040 _aBPMSU
_bspa
_cBPMSU
092 _a372.84
_bR696r 1ro. 2005
100 1 _aRodríguez, Federico
245 0 0 _aReligión 1 :
_beducación básica /
_cFederico Rodríguez ; dirección editorial Obdulia García de Escobar ; ilustración Ruddy Núñez, José Amado Polanco.
260 _aSanto Domingo :
_bSantillana,
_c2005.
300 _a79 p. :
_bil., mapas, retrs. ;
_c28 cm.
490 1 _aÁmbar
500 _aEste libro ha sido realizado de conformidad con el currículum vigente y ha sido sometido a la aprobación de la SEEBAC "Secretaría de Estado de Educación Bellas Artes y Cultos"
505 0 _tDios nos quiere y cuida de nosotros --
_tJesús nos enseña --
_tVivimos como hermanos.
650 4 _aRELIGIÓN
_xESTUDIOS Y EJERCICIOS
650 4 _aRELIGIÓN
_xEDUCACIÓN PRIMARIA
650 4 _aEDUCACIÓN PRIMARIA
_xREPÚBLICA DOMINICANA
650 4 _aRELIGIÓN
_xLIBROS DE TEXTOS
650 4 _aRELIGIÓN
_xENSEÑANZA BÁSICA
700 1 2 _aGarcía Escobar, Obdulia,
_eed.
700 1 2 _aNúñez, Ruddy,
_eil.
700 1 2 _aPolanco, José Amado,
_eil.
830 0 _aÁmbar
910 _aValidado. Control de calidad MFF
942 _2ddc
_cBK
945 _aInventariado / 2018 VM
956 _aVMATEO
_b10
_c20150721
_lBPMSU
_h00151
956 _aLOPEREZ
_b10
_c20160406
_l0041
999 _c7979
_d7979